000 00865nam a2200277 i 4500
001 C2-0250124
003 PPAK
005 20180727213919.0
008 030612s1997 ctua|||| ||||| | eng d
020 _a1567111777
040 _aPPAK
_beng
_cPPAK
_erda
082 0 4 _a595.146
_223
090 0 0 _a595.146
_bPAS
_dRK
100 1 _aPascoe, Elaine,
_eauthor
245 1 0 _aEarthworms
264 1 _aWoodbridge, Connecticut :
_bBlackbirch Press ,
_c1997
300 _a48 pages :
_bcolour illustrations ;
_c20 cm
336 _2rdacontent
_atext
337 _2rdamedia
_aunmediated
338 _2rdacarrier
_avolume
490 1 _aNature close-up
500 _aIncludes index
650 1 0 _aEarthworms - Juvenile literature. ; Earthworms - Experiments - Juvenile literature. ; Earthworms as pet - Juvenile literature.
830 0 _aNature close-up
942 _ddc
_cB
999 _c63510
_d63510